000
00330nam a2200145Ia 4500
008
210210b1952 xxu||||| |||| 00| 0 eng d
041
_a
eng
082
_a
828/267
100
_a
GUNTHER (J)
245
_a
Eisenhower
260
_a
London
_b
Hamish Hamilton
_c
1952
650
_a
Eisenhower
690
_a
Biography
906
_a
016112
999
_c
135516
_d
135516